| 000 | 00000nam##2200000za#4500 |
| 001 | 9.588567 |
| 003 | CaOODSP |
| 005 | 20210624195209 |
| 007 | cr ||||||||||| |
| 008 | 150406|1987||||xxc|||||o f|0| 0 eng|d |
| 040 | |aCaOODSP|beng |
| 041 | |aeng |
| 041 | |afre |
| 043 | |an-cn--- |
| 086 | 1 |aCS93-101/1987-PDF |
| 245 | 00|aAge, sex and marital status |h[electronic resource] |
| 260 | |aOttawa - Ontario : |bStatistics Canada |c1987. |
| 490 | 1 |aPopulation and dwelling characteristics |v101 |
| 500 | |aHistorical census publication digitized by Statistics Canada. |
| 590 | |a13-07-Supp|b2013-03-25 |
| 690 | 07|aCensus data|2gcpds |
| 690 | 07|aMarital status|2gcpds |
| 710 | 2 |aStatistics Canada. |
| 792 | |tÂge, sexe et état matrimonial |efre|w(CaOODSP)9.588568 |
| 830 | #0|aPopulation and dwelling characteristics ;|v101|w(CaOODSP)9.500691 |
| 856 | 40|ahttp://publications.gc.ca|qPDF|s4.2 MB|uhttps://publications.gc.ca/collections/collection_2013/statcan/rh-hc/CS93-101-1987.pdf|y101 |